LEADER 04861oam 2200721 c 450 001 996419448603316 005 20231110221851.0 010 $a3-7328-5716-6 010 $a3-8394-5716-5 024 7 $a10.14361/9783839457160 035 $a(CKB)5590000000469566 035 $a(DE-B1597)577748 035 $a(OCoLC)1248760224 035 $a(DE-B1597)9783839457160 035 $a(MiAaPQ)EBC6753200 035 $a(Au-PeEL)EBL6753200 035 $a(transcript Verlag)9783839457160 035 $a(MiAaPQ)EBC6956324 035 $a(Au-PeEL)EBL6956324 035 $a(oapen)https://directory.doabooks.org/handle/20.500.12854/70136 035 $a(MiAaPQ)EBC30591622 035 $a(Au-PeEL)EBL30591622 035 $a(EXLCZ)995590000000469566 100 $a20220221d2021 uy 0 101 0 $ager 135 $aur||||||||||| 181 $ctxt$2rdacontent 182 $cc$2rdamedia 183 $acr$2rdacarrier 200 10$aErdgeschichte(n) und Entwicklungsromane$eGeologisches Wissen und Subjektkonstitution in der Poetologie der fru?hen Moderne. Goethes Wanderjahre und Stifters Nachsommer$fKathrin Scha?r 205 $a1st ed. 210 $aBielefeld$ctranscript Verlag$d2021 215 $a1 online resource (324 p.) 225 0 $aLettre 311 $a3-8376-5716-7 327 $tFrontmatter -- $tInhalt -- $tDanksagung -- $tEinleitung -- $t1 Erdgeschichte(n) um 1800 -- $tEinleitung -- $t1.1 Erdgeschichte und Geologie -- $t1.2 Erdgeschichte(n): die Texte Buffons, Cuviers und Lyells -- $t1.3 Erdgeschichtliche Konzepte -- $t1.4 Erdgeschichte und Reisebericht -- $t2 Erdgeschichte und Entwicklungsroman im ersten Drittel des 19. Jahrhunderts -- $tEinleitung -- $t2.1 Goethes geologisches Wissen -- $t2.2 Interpretation der geogonostisch-geologischen Stellen der Wanderjahre -- $t2.3 Die Wanderjahre: ein Entwicklungsroman? -- $tErdgeschichte und Entwicklungsroman im zweiten Drittel des 19. Jahrhunderts -- $tEinleitung -- $t3.1 Stifters geologisches Wissen -- $t3.2 Heinrichs Entwicklungsgeschichte zum Geologen 1: von der Natur- zur Erdgeschichte -- $t3.3 Heinrichs Entwicklungsgeschichte zum Geologen 2: die Krise und die Dezentrierung des Erkenntnissubjekts -- $t3.4 Heinrichs Entwicklungsgeschichte zum Geologen 3: die Überwindung der Krise durch die Integration von Literatur -- $t3.5 Heinrichs Entwicklungsgeschichte zum Geologen 4: der Weg zur Autorschaft -- $t3.6 Der Geologe erzählt -- $tSchlusswort -- $tAbkürzungs- und Literaturverzeichnis 330 $aEntwicklungsromane und Erdgeschichte(n) entstanden um 1800 im Kontext der Verzeitlichung und sind u?ber den Entwicklungsbegriff miteinander vergleichbar. Wissenspoetologisch analysiert Kathrin Scha?r teleologische, ateleologische und zyklische Entwicklungsverla?ufe sowie die Neuverhandlung der Subjektkonstitution durch geologisches Wissen in Cuviers Recherches sur les Ossemens Fossiles, Lyells Principles of Geology, Goethes Wilhelm Meisters Wanderjahre und Stifters Nachsommer. Ihre Untersuchung macht deutlich, wie sehr das geologische Wissen nicht nur die hier explorierten Entwicklungsromane, sondern auch die A?sthetik der Moderne pra?gte. 410 0$aLettre 606 $aGeologie; Literatur; Entwicklungsroman; Erdgeschichte; Poetologie; Wissen; Verzeitlichung; Entwicklung; Historisierung; Johann Wolfgang Von Goethe; Adalbert Stifter; Georges Cuvier; Charles Lyell; Germanistik; Literaturwissenschaft; Geology; Literature; Novel of Development; Earth History; Poetology; Knowledge; Temporalization; Development; Historization; German Literature; Literary Studies; 610 $aAdalbert Stifter. 610 $aCharles Lyell. 610 $aDevelopment. 610 $aEarth History. 610 $aGeorges Cuvier. 610 $aGerman Literature. 610 $aHistorization. 610 $aJohann Wolfgang Von Goethe. 610 $aKnowledge. 610 $aLiterary Studies. 610 $aLiterature. 610 $aNovel of Development. 610 $aPoetology. 610 $aTemporalization. 615 4$aGeologie; Literatur; Entwicklungsroman; Erdgeschichte; Poetologie; Wissen; Verzeitlichung; Entwicklung; Historisierung; Johann Wolfgang Von Goethe; Adalbert Stifter; Georges Cuvier; Charles Lyell; Germanistik; Literaturwissenschaft; Geology; Literature; Novel of Development; Earth History; Poetology; Knowledge; Temporalization; Development; Historization; German Literature; Literary Studies; 686 $aGK 4441$qDE-25/sred21$2rvk 700 $aScha?r$b Kathrin$pUniversite? de Neucha?tel, Schweiz$4aut$01204683 712 02$aSwiss National Science Foundation (SNSF)$4fnd$4http://id.loc.gov/vocabulary/relators/fnd 801 0$bDE-B1597 801 1$bDE-B1597 906 $aBOOK 912 $a996419448603316 996 $aErdgeschichte(n) und Entwicklungsromane$92780293 997 $aUNISA LEADER 02681nam 2200697uu 450 001 9910964095603321 005 20200520144314.0 010 $a0-19-770252-X 010 $a0-19-988052-2 010 $a1-280-52938-5 010 $a0-19-535463-X 010 $a1-4294-0128-1 024 7 $a10.1093/oso/9780195112382.001.0001 035 $a(CKB)111035898478254 035 $a(EBL)270843 035 $a(OCoLC)252598493 035 $a(SSID)ssj0000110659 035 $a(PQKBManifestationID)11133371 035 $a(PQKBTitleCode)TC0000110659 035 $a(PQKBWorkID)10063978 035 $a(PQKB)10928834 035 $a(Au-PeEL)EBL270843 035 $a(CaPaEBR)ebr10142263 035 $a(CaONFJC)MIL52938 035 $a(OCoLC)1406783230 035 $a(StDuBDS)9780197702529 035 $a(OCoLC)39379928 035 $a(FINmELB)ELB169110 035 $a(MiAaPQ)EBC270843 035 $a(EXLCZ)99111035898478254 100 $a19990705e20231999 |y | 101 0 $aeng 135 $aur|n|---||||| 181 $ctxt 182 $cc 183 $acr 200 12$aA better way to think about business $ehow personal integrity leads to corporate success /$fRobert C. Solomon 205 $a1st ed. 210 1$aNew York ;$cOxford University Press,$d2023. 215 $a1 online resource (172 p.) 225 1 $aOxford scholarship online 300 $aPreviously issued in print: 1999. 311 08$a0-19-516733-3 311 08$a0-19-511238-5 320 $aIncludes bibliographical references (pages [125]-141) and index. 327 $aContents; How to Use This Book; Introduction: Can Virtue Be Taught?; I. How Not to Think About Business: Myths and Metaphors; II. A Better Way to Think About Business: The Meaning of Integrity; III. A Catalog of Business Virtues; Putting It All Together: Ethical Styles; Conclusion: Looking Forward to Integrity; References and Recommended Reading; Notes; Index 330 8 $aThis work on business ethics for managers is structured around three themes including: the idea that how we perceive and think about organizations we work for is a major factor in the framing and atmosphere of those organizations; and the various business virtues and vices and their role in the daily practice of business. 410 0$aOxford scholarship online. 606 $aBusiness ethics 615 0$aBusiness ethics. 676 $a174/.4 700 $aSolomon$b Robert C.$0116308 801 0$bDLC 801 1$bDLC 801 2$bUk 801 2$bStDuBDSZ 801 2$bStDuBDSZ 906 $aBOOK 912 $a9910964095603321 996 $aA better way to think about business$94447383 997 $aUNINA